| 000 | 01206nam a22003617a 4500 | ||
|---|---|---|---|
| 003 | CHAP | ||
| 005 | 20220329143303.0 | ||
| 008 | 080213d2007 mx r 00110 spa d | ||
| 010 | _a94439 | ||
| 011 | _a95411 | ||
| 020 | _a9789701509036 | ||
| 035 | _a106036 | ||
| 040 | _cCHAP | ||
| 082 | 0 | 4 |
_a621.64 _bC7 |
| 100 | 1 |
_aCreus Solé, Antonio. _928922 |
|
| 245 | 1 | 0 |
_aNeumática e hidráulica _c/por Antonio Creus Solé |
| 260 |
_aMéxico, D.F. : _bAlfaomega, _c2007 |
||
| 300 |
_a404 p. : _bilus. ; gráfs. ; cuadros |
||
| 590 |
_aBATCH-UPD _b10 _c20130110 _lUCH01 _h0732 |
||
| 590 |
_aBATCH-UPD _b10 _c20130410 _lUCH01 _h0415 |
||
| 590 |
_aBATCH-UPD _b10 _c20130914 _lUCH01 _h0656 |
||
| 590 |
_aBATCH-UPD _b10 _c20130914 _lUCH01 _h2151 |
||
| 590 |
_aCONVERSION _b10 _c20130109 _lUCH01 _h1352 |
||
| 650 | 1 | 4 |
_aBombas mecánicas. _913622 |
| 650 | 1 | 4 |
_aFluídos. _941896 |
| 650 | 1 | 4 |
_aHidráulica. _955219 |
| 650 | 1 | 4 |
_aMotores hidráulicos. _979102 |
| 650 | 1 | 4 |
_aNeumática. _980940 |
| 901 | _aBK | ||
| 942 | _cLIBRO | ||
| 949 |
_a621.64 C7 _bBC _cLIBRO _d33724002049306 _eLIBRO _gI.c/e _h109171 _i106036 _si _t$289.00 |
||
| 949 |
_a621.64 C7 _bBC _cLIBRO _d33724002049347 _eLIBRO _fc.2 _gI.c/e _h109172 _i106036 _si _t$289.00 |
||
| 999 |
_c94439 _d94439 |
||